[Event "RUS-chT 14th"]
[Site "Sochi"]
[Date "2007.05.10"]
[Round "9"]
[White "Karjakin, Sergey"]
[Black "Grischuk, Alexander"]
[Result "1-0"]
[WhiteElo "2686"]
[BlackElo "2717"]
[Annotator "Ftacnik,L"]
[PlyCount "153"]
[EventDate "2007.05.02"]
[EventType "team-tourn"]
[EventRounds "9"]
[EventCountry "RUS"]
[SourceTitle "EXT 2020"]
[Source "ChessBase"]
[SourceDate "2019.10.17"]
[SourceVersion "1"]
[SourceVersionDate "2019.10.17"]
[SourceQuality "1"]
[WhiteTeam "Tomsk 400"]
[BlackTeam "Sverdlovsk Ural region"]
[WhiteTeamCountry "RUS"]
[BlackTeamCountry "RUS"]

1. e4 c5 2. Nf3 d6 3. d4 cxd4 4. Nxd4 Nf6 5. Nc3 a6 6. Be3 Ng4 7. Bg5 h6 8. Bh4
g5 9. Bg3 Bg7 10. h3 Ne5 11. f3 Nbc6 12. Bf2 Ng6 {In this modern line Black
has many options in the fight for equality, Grischuk is chosing the trendy
knight retreat.} (12... Nxd4 13. Bxd4 Be6 14. Qd2 Bf6 15. O-O-O Rc8 16. Kb1 Rg8
17. Be2 Nd7 18. Bxf6 Nxf6 19. h4 $14 {1-0 Leko,P (2741)-Morozevich,A (2747)/
Moscow 2006 (59)}) (12... Be6 13. Qd2 Qa5 14. h4 (14. Nb3 Bxb3 15. cxb3 Nb4 16.
a3 Ng6 17. Rd1 Nc6 18. Nd5 Qxd2+ 19. Rxd2 O-O 20. b4 b5 21. Nc7 Rab8 22. Nxa6
Rb7 {1/2 Leko,P (2725)-Kasparov,G (2851)/Linares 2000/ (37)}) 14... Rc8 15.
Nxe6 fxe6 16. hxg5 hxg5 17. Rxh8+ Bxh8 18. Nd1 Qa4 19. b3 Qa5 20. c3 Kd7 21.
Rb1 Qd8 $132 {Sadvakasov,D-Sutovsky,E/Mallorca 2004}) 13. Qd2 (13. Nd5 Qa5+ (
13... Rb8 $5) 14. c3 Nxd4 15. Bxd4 Bxd4 16. Qxd4 Be6 $13 17. Bc4 Rc8 18. b4 Qa3
19. O-O O-O 20. Bb3 Bxd5 21. exd5 Qb2 22. Rae1 Qxc3 {1-0 Fernandez,L-Hernandez,
H/Avila 2000 (64)}) (13. Nf5 Bxc3+ 14. bxc3 Qa5 $17) 13... Qa5 14. Nd5 $5 $146
{[%mdl 4] Karjakin has prepared a very deep and spectacular novelty with a
temporary piece sacrifice.} (14. O-O-O Bd7 (14... Be6 15. Kb1 Rc8 (15... Nxd4
16. Bxd4 Bxd4 17. Qxd4 Rc8 $11 {/\Qc5}) 16. Nd5 (16. Nb3 Bxc3 (16... Bxb3 17.
cxb3 Nb4 18. Bd4 Bxd4 19. Qxd4 {(/\a3, b4)} Rxc3 $140 20. Qxc3 Qxa2+ 21. Kc1
O-O 22. Qxb4 Rc8+ 23. Bc4 b5 24. Qa3 bxc4 25. Qxa2 cxb3+ 26. Kb1 bxa2+ 27. Kxa2
$16) 17. Nxa5 Bxd2 18. Nxc6 Rxc6 19. Rxd2 {1/2 Tiviakov,S (2600)-Dominguez,L 
(2605)/Wijk aan Zee 2004/ (48)}) (16. a3 Nxd4 17. Bxd4 Bxd4 18. Qxd4 Qc5 $11)
16... Qxd2 17. Rxd2 Nxd4 18. Bxd4 Bxd4 19. Rxd4 h5 20. Rb4 Bxd5 21. exd5 Rc7
22. Bd3 Rh6 23. c3 Nf4 24. Be4 h4 {1/2 Kobalia,M (2618)-Gelfand,B (2709)/
playchess.com INT 2004/ (55)}) 15. Kb1 Rc8 16. g3 Nxd4 17. Bxd4 Bxd4 18. Qxd4
Qe5 19. Qf2 Rxc3 $6 20. bxc3 Qxc3 21. Rd3 Qa5 22. Qe3 Be6 23. Ra3 Qb4+ 24. Ka1
$14 {1-0 Svidler,P (2738)-Polgar,J (2735)/San Luis 2005/ (59)}) (14. Nb3 Bxc3
15. bxc3 Qc7 $13) 14... Qxd2+ (14... Qd8 $2 15. Nxc6 bxc6 16. Bb6 Qd7 17. Nc7+
$18) (14... O-O 15. Qxa5 Nxa5 16. O-O-O $14) 15. Kxd2 Bxd4 (15... Nxd4 $2 16.
Nc7+ Kd7 17. Nxa8 Kc6 18. c3 Ne6 19. Nb6 $16) 16. Bxd4 Nxd4 (16... O-O $5 17.
Bf2 Be6 18. h4 $14) 17. Nc7+ Kd7 18. Nxa8 Kc6 19. a4 $1 {The key move of the
whole idea, White will be able to hunt the loose black knight on d4.} (19. Bc4
Be6 (19... e6 20. c3 Nxf3+ 21. gxf3 Bd7 22. a4 $14) 20. Bd5+ Bxd5 21. exd5+
Kxd5 22. Nb6+ Kc5 23. Na4+ Kc6 $11) 19... Be6 (19... Bd7 20. a5 $1 Rxa8 21. Ra4
Ne6 (21... Nb5 $4 22. Rc4# $1) 22. Rc4+ Nc5 (22... Kb5 23. Rc8+ $18) 23. b4 Ne5
24. Rc3 $16) 20. Ra3 Rxa8 21. Rd3 $1 {It feels like a small miracle since the
knight is indeed trapped in the middle of the board!} Kc5 22. b4+ Kxb4 (22...
Kc4 $2 23. Rb3+ $18) 23. Rxd4+ Kc5 24. Rd3 Ne5 25. Rc3+ Nc4+ (25... Kb4 26. Be2
Kxa4 $2 27. Ra1+ Kb4 28. Rb1+ Ka4 29. Rxb7 $18) 26. Bxc4 Bxc4 27. h4 $1 {
The level of preparation among the best players in the world is astonishing.
Karjakin has most likely studied this position in the quiet of his home
laboratory.} d5 (27... b5 $5 28. axb5 axb5 29. hxg5 hxg5 30. Rh5 f6 31. f4 b4
32. Rch3 $14) 28. hxg5 hxg5 29. Rh5 d4 $6 (29... dxe4 $5 30. Rxg5+ Kb4 31. Re3
Rd8+ 32. Kc1 exf3 33. gxf3 Kxa4 34. Kb2 Kb4 35. Rxe7 b5 $14) 30. Ra3 f6 31. Ra1
(31. Rh7 $1 Kd6 32. a5 $16) 31... Kd6 32. Rah1 a5 (32... b5 33. a5 (33. c3 bxa4
(33... dxc3+ 34. Kxc3 Rc8 35. Rh8 Bg8+ 36. Kb2 $16) 34. cxd4 a3 35. Kc3 Rc8 $14
) 33... Rc8 34. Rh8 $16) 33. Rb1 $1 {Grischuk has failed to put up the
strongest resistance and his position is becoming critical.} b5 (33... Rb8 34.
g3 b5 35. axb5 Rxb5 36. Rxb5 Bxb5 37. f4 $16) 34. axb5 a4 35. b6 a3 36. b7 Rb8
37. Rhh1 $1 Kc5 (37... a2 38. Rb4 Kc5 39. c3 dxc3+ 40. Kxc3 $18) 38. c3 dxc3+ (
38... d3 39. Rb4 Bb5 40. Ra1 Rxb7 41. Rxa3 $18) 39. Kxc3 {Elimination of all
the queenside pawns leads to a technically won position for White.} Bb5 40. Ra1
Rxb7 41. Rxa3 Rd7 42. Kc2 Kd6 43. Kd2 (43. Rd1+ Ke6 44. Rxd7 Bxd7 45. Kd3 $18)
43... Ke6+ 44. Ke3 Kf7 45. Rc1 Rb7 46. Rc5 Bd7 47. Ra6 Bb5 48. Ra5 Bd7 49. e5
$1 {White has to play actively to convert the advantage of the exchange.
Naturally, he needs to keep at least one pawn on the board.} f5 (49... g4 50.
exf6 gxf3 51. gxf3 exf6 52. Kd4 $18) 50. Kd4 Rb4+ (50... Rb2 51. Rc7 Rd2+ 52.
Ke3 Rd1 53. Raa7 Ke8 54. Ke2 Rd5 55. e6 Re5+ 56. Kf2 Bxe6 57. Rxe7+ $18) 51.
Kc3 Rb7 52. g3 Be6 53. Ra3 f4 $5 {Black tries to to exchange as many pawns as
possible which might give him some survival chances.} 54. gxf4 (54. g4 Rd7 55.
Kc2 Rd8 56. Rd3 Rh8 $16) 54... gxf4 55. Kd3 Kg6 (55... Bf5+ 56. Kd4 Rb1 57. Rc4
Rd1+ 58. Kc5 Ke6 59. Rxf4 Kxe5 60. Rh4 $18) 56. Ra8 Rd7+ (56... Rb3+ $5 57. Rc3
Rb4 58. Ra7 Bf5+ 59. Kd2 Rb2+ 60. Kd1 e6 61. Rc4 $16) 57. Ke2 (57. Ke4 $6 Kg5
58. Rg8+ $5 Bxg8 59. e6+ Rd5 60. Rxd5+ (60. Kxd5 Kf6 61. Rc6 Kf5 $13) 60... Kf6
61. Rb5 $16) 57... Rd5 $6 {Grischuk gives in after a tortuous defence. Without
the rook Black will not be able to really hold on.} 58. Rxd5 Bxd5 59. Rf8 Kg5
60. Re8 Kf5 (60... e6 61. Rf8 $18) 61. Rxe7 Be6 62. Kd3 Kxe5 63. Re8 Kd5 64.
Rh8 Bf7 65. Rf8 Bg6+ 66. Kc3 Ke5 67. Rg8 Bf5 68. Rg5 Kf6 69. Rh5 Bc8 (69... Kg6
70. Rh8 Kf6 71. Kd4 $18) 70. Rb5 $1 {Preventing the transfer of the bishop to
the a8-h1 diagonal and sealing his opponent's fate.} (70. Kd4 $2 Bb7 71. Rh3
Kg5 $14) 70... Bd7 71. Ra5 Bc8 72. Rb5 Bd7 73. Rc5 Ke6 74. Kd4 Kd6 75. Ra5 Bc6
76. Ra6 $1 Kd7 77. Rxc6 {A truly great game by Karjakin.} 1-0

[Event "Candidates sf"]
[Site "Elista"]
[Date "2007.05.27"]
[Round "1.1"]
[White "Grischuk, Alexander"]
[Black "Malakhov, Vladimir"]
[Result "1-0"]
[WhiteElo "2717"]
[BlackElo "2679"]
[Annotator "Ftacnik,L"]
[PlyCount "83"]
[EventDate "2007.05.27"]
[EventType "k.o."]
[EventRounds "12"]
[EventCountry "RUS"]
[SourceTitle "CBM 119"]
[Source "ChessBase"]
[SourceDate "2007.08.01"]
[SourceVersion "1"]
[SourceVersionDate "2007.08.01"]
[SourceQuality "1"]

1. e4 c5 2. Nf3 d6 3. d4 cxd4 4. Nxd4 Nf6 5. Nc3 Nc6 6. Bg5 Bd7 7. Qd2 Nxd4 8.
Qxd4 h6 {This lesser known variation sidesteps the sharp and deeply analysed
main line 8...Qa5.} 9. Bxf6 gxf6 10. Bb5 Bc6 {I strongly suspect, that
Malakhov has chosen a plan that is too slow. Black had to play more actively
in order to get some compensation for the defects in his pawn structure.} 11.
O-O (11. f4 h5 12. O-O Qa5 13. Bc4 Rg8 14. b4 Qd8 15. f5 Bh6 16. b5 Bd7 17. Nd5
Rc8 18. Rad1 Rc5 19. a4 Bg5 20. Bb3 {1-0 Kostro,J (2390)-Ermenkov,E (2410)/
Polanica Zdroj 1972/ (46)}) 11... Bg7 12. Rad1 Kf8 (12... h5 13. Bxc6+ bxc6 14.
Rd3 $14) 13. Qd3 Qa5 (13... Rg8 14. Bxc6 bxc6 15. Ne2 f5 16. exf5 Bxb2 17. c3
$16) 14. Bxc6 bxc6 15. Ne2 $1 {Grischuk loses no time and plans to start the
attack as soon as possible. The second player has no good square for his king
and his major pieces are not coordinated in the least.} f5 (15... Qxa2 16. Ra1
$1 Qe6 (16... Qxb2 17. Rfb1 Qe5 18. Rxa7 Re8 19. Nd4 d5 20. exd5 Qxd5 21. c4
Qd6 22. Qe4 $16) 17. Nd4 Qd7 18. Ra6 c5 19. Nf5 Qb7 20. Ra3 $16) 16. exf5 Qxa2
(16... Bxb2 17. c3 $1 Rg8 18. Rd2 Ba3 19. Rb1 $16) 17. b3 Qa5 (17... Rg8 18.
Rfe1 Be5 19. Qc4 Rc8 20. Nd4 $16) 18. Qf3 Rc8 (18... Qc5 19. Ng3 Qc3 20. Qe2
$16) 19. Ng3 Be5 (19... Qc3 20. Qe2 Rg8 21. Rfe1 Be5 22. Kh1 $16) 20. c4 Bxg3
$2 {[%mdl 16384] A strategic blunder of great magnitute. The white knight was
a fearful enemy, but without the dark squared bishop Black will not be able to
put up real resistance.} (20... Rg8 21. Rfe1 Qb6 22. Ne4 $16) 21. fxg3 $5 (21.
hxg3 h5 22. Rfe1 Rh6 23. Qe3 $16) 21... Qe5 22. f6 $1 {The main goal of this
pawn sacrifice is to prevent the completion of Black's development.} exf6 (
22... Qxf6 $2 23. Qg4 $18) 23. Rde1 Qg5 $6 (23... Qd4+ 24. Kh1 d5 25. Rd1 Qb2
26. cxd5 cxd5 27. Rxd5 Rc1 28. Rxc1 Qxc1+ 29. Rd1 Qc2 30. h3 $16) 24. h4 $1 Qg6
(24... Qg7 25. Rd1 $16) 25. Re4 (25. Rd1 f5 26. Qxf5 Qxf5 27. Rxf5 $16) 25...
h5 26. Rf4 (26. Rd4 Rd8 27. Ra1 c5 28. Rd5 Rd7 29. Rad1 $16) 26... Rh6 27. Kh2
$1 {The quiet move underlines the tragic nature of Malakhov's position.
Scattered pieces and numerous pawn weaknesses are an additional burden to the
unprotected black king.} c5 (27... Kg8 28. Ra1 Rc7 29. Qd1 (29. Rd1 d5 30. cxd5
cxd5 31. Rxd5 $18)) 28. Qc3 Qg7 (28... Rb8 29. Rxf6 Qg7 30. Rxf7+ Qxf7 31.
Rxf7+ Kxf7 32. Qf3+ Kg7 33. g4 hxg4 34. Qxg4+ $16) 29. Qd2 $1 (29. Rxf6 Rxf6
30. Rxf6 Re8 31. Qf3 Re4 32. Rxf7+ Qxf7 33. Qxe4 $16) 29... Rd8 (29... Kg8 30.
Qxd6 Qf8 31. Qa6 $16) 30. Qa5 Rd7 (30... Re8 31. Qc7 Kg8 32. Qxd6 Qf8 33. Qc7
$16) 31. Qb5 Rd8 (31... Ke7 $2 32. Re1+ Kd8 33. Qb8#) 32. Qa5 Rd7 33. Qa4 $1 {
The solitary black rook is no match for the mobile white queen.} Rd8 (33... Re7
34. Qc6 $16) 34. Qxa7 Qh8 (34... Kg8 35. Qc7 Qf8 36. Rxf6 $18) 35. Re1 Kg7 36.
Qc7 Qf8 37. Re7 Ra8 (37... Rg6 38. Rf5 Rh6 39. Rxf7+ Qxf7 40. Qxd8 $18) 38.
Qxd6 {The time is ripe and black pawns start falling like the proverbial
bottles on the wall...} Ra7 39. Rfe4 Rb7 (39... f5 40. Qe5+ Kg6 41. Rxa7 $18)
40. Re3 Rxe7 41. Rxe7 Rg6 42. Qxc5 1-0

[Event "Candidates sf"]
[Site "Elista"]
[Date "2007.05.28"]
[Round "1.2"]
[White "Malakhov, Vladimir"]
[Black "Grischuk, Alexander"]
[Result "1/2-1/2"]
[WhiteElo "2679"]
[BlackElo "2717"]
[Annotator "Marin,M"]
[PlyCount "127"]
[EventDate "2007.05.27"]
[EventType "k.o."]
[EventRounds "12"]
[EventCountry "RUS"]
[SourceTitle "CBM 119"]
[Source "ChessBase"]
[SourceDate "2007.08.01"]
[SourceVersion "1"]
[SourceVersionDate "2007.08.01"]
[SourceQuality "1"]

1. c4 Nf6 2. Nf3 b6 3. g3 c5 4. Bg2 Bb7 5. O-O g6 6. d4 cxd4 7. Qxd4 Bg7 8. Nc3
d6 9. Rd1 Nbd7 10. Be3 Rc8 11. Rac1 O-O 12. Qh4 a6 13. b3 h5 $5 {Lately, the
plan based on Bh3 followed by g4 has caused Black some problems. The last move
aims to prevent this plan in a radical way and leave the queen slightly
misplaced on h4, but is not without risk. The g5- and g6-squares are weakened
now.} 14. Bh3 (14. Bg5 Rc5 (14... b5 $6 {is premature:} 15. cxb5 axb5 16. Qb4
Bc6 17. e4 Qb6 18. Nd4 Ba8 19. Qxb5 Qa7 20. Qe2 $16 {with a sound extra-pawn
for White, Gavrikov,V (2605)-Christiansen,L (2555)/Switzerland 1996/CBM 055
ext (1-0, 63)}) (14... Rc7 15. Nd5) 15. Nd5 Bxd5 $6 {This weakens the
c6-square too much.} (15... Nxd5 $1 16. cxd5 Nf6 17. e4 Qa8 18. Nd4 Rfc8 $13)
16. cxd5 Rxc1 17. Bxc1 Qc7 18. Nd4 $14 {Kuemin,S (2373)-Jenni,F (2505)/Saas
Almagell 2005/CBM 107 ext (1/2-1/2, 32)}) (14. h3 Re8 15. g4 b5 $5 {Not the
only move, of course.} 16. cxb5 Qa5 17. Bd2 (17. bxa6 Bxa6 $44 {Istrate,B 
(2353)-Boteanu,J (2100)/Tusnad 2000/EXT 2001 (1-0, 31)}) 17... axb5 18. gxh5
Nxh5 19. Nd5 Rxc1 20. Rxc1 Qxa2 $15 21. Nxe7+ Rxe7 22. Qxe7 Bxf3 23. Qxd7 Bxg2
24. Rc8+ Kh7 25. Qxf7 Qxd2 26. Kxg2 Qxe2 $17 {Istrate,B (2277)-Ionescu,C (2451)
/Iasi 1999/CBM 075 (0-1, 39)}) 14... Rc7 15. Ng5 $146 {White immediately
occupies the weakened square, maintaining the pressure against the d7- and
b6-squares.} (15. Nd5 Nxd5 16. cxd5 {The ultimate consequences of this early
knight move to the centre are hard to evaluate without further practice.} Nf6
17. Rxc7 Qxc7 18. Qc4 Qd8 {/\...b5, ><d5} (18... Qxc4 19. bxc4 b5 20. Rb1 Ba8
21. cxb5 axb5 22. Rxb5 Bxd5 23. Ra5 {This position looks optically very good
for Black, but the force of the a-pawn should not be neglected. Black's pieces
are not very well prepared to fight against its advance.}) 19. a4 Qa8 20. Bxb6
Bxd5 21. Qd3 Be4 22. Qd2 Rb8 ({Again,} 22... Bxf3 23. exf3 Qxf3 {is far from
one sided because after} 24. b4 {the queenside majority can be very dangerous.}
) 23. a5 Nd5 24. Ng5 Nxb6 25. axb6 Bc6 (25... Rxb6 26. Qf4 Bd5 $6 27. Rxd5 $1
Qxd5 28. Be6 $1 $18) (25... Bh6 $5 {[%csl Yb6]}) 26. Qc2 $1 Rf8 (26... Rxb6 $2
27. Be6 $1 $40 fxe6 $2 28. Qxg6 Qe8 29. Qh7+ Kf8 30. Nxe6+ $18) 27. Rc1 Bd5 28.
Qc7 Bf6 29. Nf3 Rb8 (29... Kg7 30. Bc8 $16) 30. Qxb8+ Qxb8 31. Rc8+ Qxc8 32.
Bxc8 Bxf3 33. exf3 Bd4 34. b7 Ba7 35. b4 $14 {This ending should end in a draw,
but Black has to display certain accuracy. In the game Arsovic,Z (2330)
-Palkovi,J (2460)/Budapest 1991/EXT 97 (1-0, 49) he failed to do so.}) 15...
Qb8 {This generally desirable move loses a pawn, obtaining rather questionable
compensation.} ({Maybe a waiting move such as} 15... Re8 {should be preferred.}
) 16. Bxd7 Rxd7 (16... Nxd7 17. g4 $1 Nf6 18. gxh5 Nxh5 19. Bxb6 Rd7 20. Bd4
$16) 17. Bxb6 Ng4 {Aiming to keep the enemy queen isolated.} 18. h3 (18. Bd4 e5
19. Be3 $6 (19. Bb6 Bc6 20. h3 $1 Nh6 21. c5 $8 d5 $44) 19... Nxe3 20. fxe3 Bf6
$1 ({The consequences of} 20... Bh6 21. Kf2 Qa7 22. Rd3 f5 {/\...f4 are less
clear.}) 21. Qh3 (21. Rf1 {only makes things worse because it blocks the
f1-square for the king.} Be7 22. Qh3 Bxg5 23. Qxd7 Bxe3+ 24. Rf2 {This move is
legally forced, but it loses a whole rook.} Bxc1 $19) 21... Bxg5 22. Qxd7 Bxe3+
23. Kf1 Rd8 24. Qe7 Re8 25. Qd7 Re6 $36) 18... Nh6 19. g4 d5 {"A wing attack
should be countered by a counterattack in the centre." This well known axiom
might not apply too well here.} 20. cxd5 (20. Nxd5 $2 {loses a piece to} Bxd5
$17) (20. gxh5 $1 {would have cast serious doubt over Black's previous play.})
20... Bxc3 21. Rxc3 Rxd5 22. Rcc1 $1 ({During the temporary absence of the
queen, it is important to maintain the coordination between pieces.} 22. Rxd5
Bxd5 23. Be3 ({After} 23. Bd4 Qb4 {White's pieces are hanging, too.}) 23... Qb4
24. Rc1 Nf5 $1 {This seems to win the queen, but White can survive with} 25. a3
$1 Nxh4 26. axb4 f6 $11) 22... Rc8 23. Be3 (23. gxh5 Rc6 $5 {An original way
to deal with the tension established between rooks, enabling an eventual
activation of the rook along the 6th rank.} (23... Rxc1 24. Rxc1 Qd6 25. e4
Rd1+ 26. Rxd1 Qxd1+ 27. Kg2 $16 {and Black has not sufficient compensation.})
24. hxg6 (24. Be3 Qd6 $1 {One move earlier this would have been inefficient
because of Rxc8+, forcing the bishop to abandon the long diagonal.} 25. Rxd5
Rxc1+ 26. Bxc1 Qxd5 $36) 24... Rxg5+ 25. Qxg5 Rxb6 26. gxf7+ Kxf7 27. Rd7 Ng8
$13 {White has a material advantage, but his king is exposed.}) 23... Rxc1 24.
Rxc1 Qd6 25. Nf3 {White has managed to maintain his minimal advantage and
avoid immediate dangers, but he still needs to free his queen.} Kg7 26. Ne1 f6
27. f3 g5 28. Qf2 hxg4 29. hxg4 Nf7 $44 {Black has adequate compensation for
the pawn. White correctly decides to return the material advantage in order to
maintain a slightly more pleasant position in conditions of material equality
and opposite coloured bishops.} 30. Nc2 (30. Nd3 Rxd3 31. exd3 Ne5 $44) 30...
Rd1+ 31. Rxd1 Qxd1+ 32. Ne1 Qb1 33. Bc5 Qxa2 34. Qe3 e5 35. Be7 {Black is not
in immediate danger and should count on equality, but he needs to play
carefully because of his slightly weakened king's position.} Qa5 36. Nd3 Qc7
37. Ba3 Bc8 38. Nc5 Qd6 39. Qc1 Qc6 40. Qc4 Qd6 41. Ne4 Qb6+ 42. Kg2 Be6 43.
Qc1 Qb5 44. Qe3 Bd5 45. Ng3 e4 46. fxe4 Bb7 47. Bb2 Ne5 48. Bxe5 Qxe5 49. Qa7
Qc7 50. Kh3 Kg6 51. e3 Qh7+ 52. Nh5 Qe7 53. Qd4 Bc8 54. Qd5 Be6 55. Qd1 Qh7 56.
Kg2 Bxg4 57. Nf4+ Kh6 58. Qxg4 Qxe4+ 59. Qf3 Qxf3+ 60. Kxf3 gxf4 61. Kxf4 Kg6
62. Ke4 a5 63. Kf4 Kf7 64. Kf5 1/2-1/2